000 00342 a2200157 4500
001 74368
020 _a9788561521417
040 _cAnchieta - Colégio São Paulo
100 _aVillas Boas, Marion
240 1 0 _aO esqueleto
_lpor
245 1 0 _aO esqueleto
300 _a16
362 0 _a2011
650 4 _aLiteratura infantil
942 _cBK
999 _c74368
_d74368